000 00490cam a22001451 4500
082 _a940.28
_bCOL
100 1 _aCole, G. D. H.
_949394
245 1 4 _aThe intelligent man's review of Europe to-day.
260 _aLondon,
_bV. Gollancz, ltd.,
_c1933.
300 _a864 p.
_bincl. illus., tables, diagrs. double map.
_c19 cm.
500 _aAt head of title: G. D. H. Cole and Margaret Cole.
526 _a0
_b0
_c0
_d940_280000000000000_COL
700 1 _aCole, Margaret,
_950636
942 _2ddc
_cBK
999 _c553388
_d553388